000
00289nam a22001097a 4500
008
230627b xxu||||| |||| 00| 0 eng d
082
_a
338.1
_b
TOU
245
_a
Transformations in West African Agriculture and the Role of Family Farms
300
_a
VI,84p
440
_n
123
942
_2
ddc
_c
BK
999
_c
2920
_d
2920